000 00306nam a22001337a 4500
008 170728b xxu||||| |||| 00| 0 eng d
020 _a9780073368351
041 _aeng
080 _a004
100 _a31
101 _aSHKI
245 _aCOLLEGE KEYBOARDING & DOCUMENT PROCESSING
_cOBER
942 _2udc
_cBK
999 _c22138
_d22138